Normal view
MARC view
Entry Personal Name
001 - CONTROL NUMBER
- control field: 4385
003 - CONTROL NUMBER IDENTIFIER
- control field: ARRUPE
005 - DATE AND TIME OF LATEST TRANSACTION
- control field: 20131129110012.0
008 - FIXED-LENGTH DATA ELEMENTS
- fixed length control field: 131129|| aca||aabn | a|a d
040 ## - CATALOGING SOURCE
- Original cataloging agency: ARRUPE
- Transcribing agency: ARRUPE
100 ## - HEADING--PERSONAL NAME
- Personal name: Morris, Colin M.
670 ## - SOURCE DATA FOUND
- Source citation: Work cat.: (ARRUPE): Morris, Colin M., Anything but this, 1958